[Event "Krakow op-A 32nd"]
[Site "Krakow"]
[Date "2022.01.04"]
[Round "9"]
[White "Meurs, Tom WA"]
[Black "Kopylov, Michael"]
[Result "1/2-1/2"]
[WhiteElo "2208"]
[BlackElo "2391"]
[PlyCount "64"]
[EventDate "2021.12.27"]
[EventType "swiss"]
[EventRounds "9"]
[EventCountry "POL"]
[SourceTitle "EXT 2023"]
[Source "ChessBase"]
[SourceDate "2022.10.05"]
[SourceVersion "1"]
[SourceVersionDate "2022.10.05"]
[SourceQuality "1"]

1. e4 c5 2. Nf3 e6 3. d4 cxd4 4. Nxd4 Qb6 5. Nb3 Qc7 6. Nc3 a6 7. Qf3 Nf6 8. g4 d6 9. g5 Nfd7 10. Be3 b5 11. a3 Bb7 12. 0-0-0 Nc6 13. Qh3 b4 14. axb4 Nxb4 15. g6 hxg6 16. Qxh8 Bxe4 17. Rg1 Bxc2 18. Rd4 Rb8 19. Rxb4 Rxb4 20. Kxc2 Qb8 21. Nd2 Rxb2+ 22. Kc1 Qb4 23. Ncb1 Ra2 24. Bc4 Qb2+ 25. Kd1 Qc2+ 26. Ke2 Qxc4+ 27. Kf3 Ne5+ 28. Kg2 Qd5+ 29. Kh3 Nf3 30. Rc1 Nxd2 31. Rc8+ Kd7 32. Rd8+ Kxd8 1/2-1/2

[Event "Krakow op-A 32nd"]
[Site "Krakow"]
[Date "2022.01.02"]
[Round "6"]
[White "Konyves, Almos"]
[Black "Meurs, Tom WA"]
[Result "0-1"]
[WhiteElo "2250"]
[BlackElo "2208"]
[PlyCount "82"]
[EventDate "2021.12.27"]
[EventType "swiss"]
[EventRounds "9"]
[EventCountry "POL"]
[SourceTitle "EXT 2023"]
[Source "ChessBase"]
[SourceDate "2022.10.05"]
[SourceVersion "1"]
[SourceVersionDate "2022.10.05"]
[SourceQuality "1"]

1. d4 d5 2. c4 e6 3. Nf3 a6 4. cxd5 exd5 5. Nc3 c6 6. Bf4 Bd6 7. Bxd6 Qxd6 8. e3 Bf5 9. Bd3 Bxd3 10. Qxd3 Nf6 11. 0-0 0-0 12. Ne5 c5 13. Rad1 c4 14. Qf5 Nc6 15. f4 b5 16. a3 Rab8 17. Rf3 Ne7 18. Qg5 a5 19. Rg3 g6 20. Rh3 Nf5 21. Ng4 Nxg4 22. Qxg4 b4 23. axb4 axb4 24. Ne2 Rfe8 25. Kf2 Ra8 26. Rd2 Ra1 27. Rf3 Rxe3 28. Ng3 Qe6 29. Nxf5 Rxf3+ 30. Kxf3 Rf1+ 31. Rf2 Rxf2+ 32. Kxf2 Qxf5 33. Qxf5 gxf5 34. Ke3 Kf8 35. Kd2 Ke7 36. Kc2 Kd7 37. Kd2 Kc6 38. Kc2 Kb5 39. Kb1 b3 40. Kc1 Kb4 41. Kd2 c3+ 0-1

[Event "Krakow op-A 32nd"]
[Site "Krakow"]
[Date "2022.01.02"]
[Round "7"]
[White "Meurs, Tom WA"]
[Black "Mis, Mieszko"]
[Result "1/2-1/2"]
[WhiteElo "2208"]
[BlackElo "2417"]
[PlyCount "102"]
[EventDate "2021.12.27"]
[EventType "swiss"]
[EventRounds "9"]
[EventCountry "POL"]
[SourceTitle "EXT 2023"]
[Source "ChessBase"]
[SourceDate "2022.10.05"]
[SourceVersion "1"]
[SourceVersionDate "2022.10.05"]
[SourceQuality "1"]

1. e4 c6 2. Nc3 d5 3. Nf3 a6 4. d4 Bg4 5. h3 Bxf3 6. Qxf3 e6 7. Bd3 Nf6 8. e5 Nfd7 9. Ne2 c5 10. c3 Nc6 11. 0-0 Be7 12. Qg3 g6 13. Bh6 Bf8 14. Be3 Qb6 15. b3 Rc8 16. Rac1 Be7 17. h4 Kd8 18. Rfd1 cxd4 19. cxd4 Kc7 20. Nc3 Qa5 21. Bd2 Kb8 22. a3 Qd8 23. Nxd5 Bxa3 24. Rc4 exd5 25. e6+ Rc7 26. Rxc6 bxc6 27. exd7 Qxd7 28. Bf4 a5 29. Ra1 Bb4 30. Rc1 Rd8 31. Bxc7+ Qxc7 32. Rxc6 Qxg3 33. fxg3 Re8 34. Rf6 Re3 35. Rf3 Re1+ 36. Rf1 Kc7 37. Kf2 Re8 38. Kf3 Bd2 39. Kg4 f5+ 40. Kh3 Re3 41. Rf3 Re1 42. Rf1 Re7 43. g4 fxg4+ 44. Kxg4 Be3 45. Re1 Kd6 46. Kf3 Bxd4 47. Rxe7 Kxe7 48. h5 gxh5 49. Bxh7 Kd6 50. Ke2 Kc5 51. Bg8 Bh8 1/2-1/2

[Event "Krakow op-A 32nd"]
[Site "Krakow"]
[Date "2021.12.27"]
[Round "1"]
[White "Pacan Milej, Kosma"]
[Black "Meurs, Tom WA"]
[Result "1-0"]
[WhiteElo "2401"]
[BlackElo "2208"]
[PlyCount "41"]
[EventDate "2021.12.27"]
[EventType "swiss"]
[EventRounds "9"]
[EventCountry "POL"]
[SourceTitle "EXT 2023"]
[Source "ChessBase"]
[SourceDate "2022.10.05"]
[SourceVersion "1"]
[SourceVersionDate "2022.10.05"]
[SourceQuality "1"]

1. d4 d5 2. c4 c6 3. Nf3 Nf6 4. Nc3 e6 5. e3 Nbd7 6. Qc2 Bd6 7. g4 h6 8. Bd2 dxc4 9. Bxc4 b5 10. Be2 Bb7 11. e4 e5 12. dxe5 Nxe5 13. Nxe5 Bxe5 14. f4 Bxc3 15. Bxc3 Nxg4 16. Bxg4 Qh4+ 17. Qf2 Qxg4 18. Rg1 Qe6 19. 0-0-0 Qxa2 20. Qc5 Rg8 21. Rd6 1-0

[Event "Hoogeveen op 24th"]
[Site "Hoogeveen"]
[Date "2021.10.22"]
[Round "8"]
[White "Bezemer, Arno J"]
[Black "Meurs, Tom WA"]
[Result "1-0"]
[WhiteElo "2283"]
[BlackElo "2217"]
[PlyCount "85"]
[EventDate "2021.10.15"]
[EventType "swiss"]
[EventRounds "9"]
[EventCountry "NED"]
[SourceTitle "CBM 204 Extra"]
[Source "ChessBase"]
[SourceDate "2021.11.30"]
[SourceVersion "1"]
[SourceVersionDate "2021.11.30"]
[SourceQuality "1"]

1. e4 e5 2. Nf3 Nc6 3. Bb5 Nge7 4. d4 exd4 5. Nxd4 Nxd4 6. Qxd4 Nc6 7. Qe3 Be7 8. Nc3 0-0 9. 0-0 Re8 10. Nd5 Nb4 11. Nxb4 Bxb4 12. Qf3 Qe7 13. Bf4 a6 14. Ba4 b5 15. e5 Rb8 16. Bb3 Bb7 17. Qg4 Bc5 18. Rfe1 d6 19. Rad1 Kh8 20. Kf1 Qf8 21. c3 f5 22. Qg3 dxe5 23. Bxe5 Re7 24. Bxc7 Rbe8 25. f3 Qf6 26. Rxe7 Qxe7 27. Re1 Qd7 28. Rxe8+ Qxe8 29. Qe5 Qf8 30. Bc2 Bc8 31. Bd3 h6 32. Qe2 Ba7 33. Be5 b4 34. Bd4 Bc5 35. Qe3 Bxd4 36. Qxd4 bxc3 37. bxc3 Be6 38. a4 Qa3 39. Bxa6 Qc1+ 40. Kf2 Qb2+ 41. Be2 Qa2 42. Qb4 Kh7 43. a5 1-0

[Event "Cappelle rapid op 2nd"]
[Site "Cappelle la Grande"]
[Date "2020.02.29"]
[Round "7"]
[White "Dimitrov, Radoslav"]
[Black "Meurs, Tom WA"]
[Result "1-0"]
[WhiteElo "2519"]
[BlackElo "2249"]
[PlyCount "169"]
[EventDate "2020.02.29"]
[EventType "swiss (rapid)"]
[EventRounds "9"]
[EventCountry "FRA"]
[SourceTitle "CBM 195 Extra"]
[Source "ChessBase"]
[SourceDate "2020.05.31"]
[SourceVersion "1"]
[SourceVersionDate "2020.05.31"]
[SourceQuality "1"]

1. c4 e5 2. Nc3 Bb4 3. Nd5 Bc5 4. Nf3 c6 5. Nc3 d6 6. e3 Qe7 7. d4 exd4 8. Nxd4 Nf6 9. Be2 0-0 10. 0-0 a5 11. b3 Na6 12. Bb2 Nc7 13. Qd2 d5 14. cxd5 Ncxd5 15. Nxd5 Nxd5 16. Rac1 Ba3 17. Bf3 Bxb2 18. Qxb2 Be6 19. Rfd1 Rfd8 20. Rd2 Nf6 21. Rcd1 Re8 22. Nxc6 bxc6 23. Bxc6 h6 24. h3 Rec8 25. Bxa8 Rxa8 26. Qe5 Qb4 27. Rd4 Qb6 28. Rd6 Qb4 29. Qd4 Ne4 30. Qxb4 axb4 31. Rd8+ Rxd8 32. Rxd8+ Kh7 33. Rd4 Nc3 34. Rxb4 Nxa2 35. Rb8 Kg6 36. b4 Kf6 37. b5 Nc3 38. b6 Na4 39. e4 Ke5 40. f3 g6 41. b7 Nc5 42. Rh8 Nxb7 43. Rxh6 Nc5 44. Rh8 Nd3 45. Rd8 Nf4 46. h4 f5 47. exf5 Bxf5 48. g3 Ne2+ 49. Kf2 Nd4 50. g4 Bc2 51. Ke3 Ne6 52. Ra8 Kf6 53. Ra6 Bb1 54. Rb6 Bc2 55. Rb5 Ba4 56. Ra5 Bc2 57. Ra2 Bb3 58. Rb2 Bd5 59. Rb6 Kf7 60. Ra6 Kf6 61. Ra5 Bc6 62. Kf2 Kf7 63. Kg3 Nd4 64. Rc5 Ba8 65. Rc8 Bxf3 66. Rc4 Bxg4 67. Kxg4 Ne6 68. Ra4 Kf6 69. Ra6 Ke5 70. Ra5+ Kf6 71. Ra1 Ng7 72. Ra6+ Ne6 73. Rb6 Kf7 74. Kf3 Kf6 75. Ke4 Kf7 76. Ke5 Ng7 77. Rf6+ Kg8 78. Rxg6 Kh7 79. Ra6 Nh5 80. Kf5 Ng7+ 81. Kg5 Kh8 82. h5 Kh7 83. Ra7 Kg8 84. Kg6 Kh8 85. Ra8+ 1-0

[Event "Cappelle rapid op 2nd"]
[Site "Cappelle la Grande"]
[Date "2020.02.29"]
[Round "4"]
[White "Meurs, Tom WA"]
[Black "Enchev, Ivajlo"]
[Result "0-1"]
[WhiteElo "2249"]
[BlackElo "2496"]
[PlyCount "73"]
[EventDate "2020.02.29"]
[EventType "swiss (rapid)"]
[EventRounds "9"]
[EventCountry "FRA"]
[SourceTitle "CBM 195 Extra"]
[Source "ChessBase"]
[SourceDate "2020.05.31"]
[SourceVersion "1"]
[SourceVersionDate "2020.05.31"]
[SourceQuality "1"]

1. e4 e5 2. Nf3 Nc6 3. Bb5 a6 4. Ba4 d6 5. 0-0 Bd7 6. c3 g6 7. d4 Bg7 8. d5 Nce7 9. c4 h6 10. Nc3 f5 11. Bxd7+ Qxd7 12. b4 Nf6 13. Nd2 0-0 14. f3 f4 15. Nb3 g5 16. a4 Ng6 17. Bd2 g4 18. Be1 h5 19. c5 h4 20. fxg4 Qxg4 21. Bf2 Qg5 22. Kh1 Nh5 23. h3 f3 24. Rg1 Ng3+ 25. Kh2 Qf4 26. Bxg3 Qxg3+ 27. Kh1 f2 28. Rf1 Qxc3 29. Qg4 Qxb3 30. Qxg6 Rf6 31. Qg4 Qxb4 32. c6 bxc6 33. dxc6 Raf8 34. Rab1 Qc4 35. Qd7 R6f7 36. Qg4 Qxa4 37. Qd1 0-1

[Event "Cappelle rapid op 2nd"]
[Site "Cappelle la Grande"]
[Date "2020.02.29"]
[Round "9"]
[White "Meurs, Tom WA"]
[Black "Godart, Francois"]
[Result "0-1"]
[WhiteElo "2249"]
[BlackElo "2445"]
[PlyCount "72"]
[EventDate "2020.02.29"]
[EventType "swiss (rapid)"]
[EventRounds "9"]
[EventCountry "FRA"]
[SourceTitle "CBM 195 Extra"]
[Source "ChessBase"]
[SourceDate "2020.05.31"]
[SourceVersion "1"]
[SourceVersionDate "2020.05.31"]
[SourceQuality "1"]

1. e4 e6 2. d4 d5 3. Nd2 c5 4. Ngf3 cxd4 5. Nxd4 Nc6 6. Bb5 Bd7 7. Nxc6 bxc6 8. Bd3 Bd6 9. Qe2 Ne7 10. e5 Bc7 11. b3 0-0 12. Bb2 Ng6 13. g3 c5 14. h4 Qb8 15. f4 c4 16. Bxg6 fxg6 17. Bd4 cxb3 18. axb3 Bb5 19. Qg4 Rf5 20. h5 gxh5 21. Rxh5 Rxh5 22. Qxh5 Bb6 23. Nf3 Qc7 24. Ng5 g6 25. Qd1 Bxd4 26. Qxd4 Qxc2 27. Qd2 Qxb3 28. Kf2 d4 29. Rc1 Qd5 30. Rc7 Bc6 31. Nxh7 Qg2+ 32. Ke1 Qg1+ 33. Ke2 Bb5+ 34. Kf3 Qh1+ 35. Kf2 Qh2+ 36. Ke1 Qg1# 0-1

[Event "Cappelle rapid op 2nd"]
[Site "Cappelle la Grande"]
[Date "2020.02.29"]
[Round "2"]
[White "Meurs, Tom WA"]
[Black "Martinez Alcantara, Jose Eduardo"]
[Result "1/2-1/2"]
[WhiteElo "2249"]
[BlackElo "2617"]
[PlyCount "256"]
[EventDate "2020.02.29"]
[EventType "swiss (rapid)"]
[EventRounds "9"]
[EventCountry "FRA"]
[SourceTitle "CBM 195 Extra"]
[Source "ChessBase"]
[SourceDate "2020.05.31"]
[SourceVersion "1"]
[SourceVersionDate "2020.05.31"]
[SourceQuality "1"]

1. e4 c5 2. Nf3 d6 3. Bb5+ Nd7 4. c4 Ngf6 5. Nc3 e6 6. 0-0 Be7 7. d4 cxd4 8. Nxd4 0-0 9. Be3 Ne5 10. b3 a6 11. Ba4 Qc7 12. Rc1 Ned7 13. b4 Ne5 14. Bb3 Bd7 15. h3 Rac8 16. f4 Nxc4 17. Bxc4 Qxc4 18. Nd5 Nxd5 19. Rxc4 Nxe3 20. Rxc8 Rxc8 21. Qd2 Nxf1 22. Kxf1 g6 23. a3 Rc4 24. Kg1 Bf6 25. e5 dxe5 26. Nf3 Bb5 27. Nxe5 Rc8 28. Ng4 Bg7 29. Qd6 h5 30. Ne5 Bf8 31. Qb6 Rc1+ 32. Kh2 Bh6 33. Qd8+ Kg7 34. Qd4 Rd1 35. Qxd1 Bxf4+ 36. g3 Bxe5 37. h4 Bc6 38. Kh3 Bf6 39. Qb3 e5 40. a4 e4 41. b5 axb5 42. axb5 Bd7+ 43. Kg2 Bg4 44. Qd5 e3 45. Qxb7 e2 46. Qe4 Bc3 47. b6 e1Q 48. Qxe1 Bxe1 49. b7 Bc3 50. b8Q Bf6 51. Qb6 Be6 52. Kh2 Kh7 53. Qf2 Bg7 54. Qf4 Bh8 55. Kg2 Kg8 56. Kh2 Bf5 57. Qb8+ Kh7 58. Qc7 Be6 59. Qf4 Bg7 60. Qg5 Bd4 61. Qf4 Bc5 62. Qc7 Be3 63. Qe5 Bd2 64. Qd4 Bc1 65. Qc3 Bh6 66. Qd4 Bf8 67. Qe5 Bf5 68. Qe8 Kg8 69. Qd8 Kg7 70. Qd4+ Kg8 71. Qd8 Bg4 72. Kg2 Kg7 73. Qd4+ f6 74. Qa7+ Kh6 75. Qf7 Bg7 76. Qe7 Kh7 77. Qc7 Be6 78. Qe7 Bd5+ 79. Kh2 Bf3 80. Qe3 Bg4 81. Qe7 Kh6 82. Qe3+ g5 83. hxg5+ fxg5 84. Qe7 Kg6 85. Qd6+ Bf6 86. Kg2 h4 87. gxh4 gxh4 88. Kh2 Bf5 89. Qc6 Kg5 90. Qg2+ Kh6 91. Qd2+ Kg7 92. Qg2+ Kh6 93. Qd2+ Bg5 94. Qd6+ Kh5 95. Qe5 Bg6 96. Qh8+ Kg4 97. Qc8+ Kh5 98. Qc4 Kh6 99. Qg4 Bd3 100. Qe6+ Bg6 101. Qg4 Bf7 102. Qf5 Bg6 103. Qg4 Bf7 104. Qf5 Bg6 105. Qg4 Bf6 106. Qf4+ Kg7 107. Qc7+ Bf7 108. Kh3 Kg6 109. Qc2+ Kg7 110. Qg2+ Kf8 111. Qe4 Kg7 112. Qg4+ Bg6 113. Qd7+ Kf8 114. Kg4 Be7 115. Qc8+ Kf7 116. Qc4+ Kf8 117. Qf4+ Ke8 118. Qe5 Kf7 119. Qd5+ Kg7 120. Qd7 Kf7 121. Qd5+ Kg7 122. Qe6 Bf6 123. Qd7+ Kf8 124. Qd6+ Kf7 125. Qd7+ Kf8 126. Qd6+ Kf7 127. Qxf6+ Kxf6 128. Kxh4 Ke5 1/2-1/2

[Event "Graz op-A"]
[Site "Graz"]
[Date "2020.02.16"]
[Round "3"]
[White "Yankelevich, Lev"]
[Black "Meurs, Tom WA"]
[Result "1/2-1/2"]
[WhiteElo "2473"]
[BlackElo "2249"]
[PlyCount "68"]
[EventDate "2020.02.14"]
[EventType "swiss"]
[EventRounds "9"]
[EventCountry "AUT"]
[SourceTitle "CBM 195 Extra"]
[Source "ChessBase"]
[SourceDate "2020.05.31"]
[SourceVersion "1"]
[SourceVersionDate "2020.05.31"]
[SourceQuality "1"]

1. d4 d5 2. c4 c6 3. Nf3 Nf6 4. Nc3 e6 5. Bg5 h6 6. Bh4 dxc4 7. e4 g5 8. Bg3 b5 9. Be2 Bb7 10. 0-0 Nbd7 11. h3 Nh5 12. Bh2 Rg8 13. d5 Nf4 14. Nd4 cxd5 15. exd5 Ne5 16. Ndxb5 exd5 17. Re1 Be7 18. Bf1 Neg6 19. Qa4 Kf8 20. Rad1 Bc5 21. b4 Bb6 22. Qc2 Qf6 23. Na4 d4 24. Nxb6 Nxh3+ 25. Kh1 axb6 26. Rxd4 Nxf2+ 27. Kg1 Nd3 28. Bxd3 cxd3 29. Rxd3 Nf4 30. Rd6 Nh3+ 31. Kh1 Nf2+ 32. Kg1 Nh3+ 33. Kh1 Nf2+ 34. Kg1 Nh3+ 1/2-1/2

[Event "EU-Cup 35th"]
[Site "Ulcinj"]
[Date "2019.11.10"]
[Round "1.5"]
[White "Kokarev, Dmitry"]
[Black "Meurs, Tom WA"]
[Result "1-0"]
[WhiteElo "2601"]
[BlackElo "2249"]
[PlyCount "35"]
[EventDate "2019.11.10"]
[EventType "team-swiss"]
[EventRounds "7"]
[EventCountry "MNE"]
[SourceTitle "CBM 193 Extra"]
[Source "ChessBase"]
[SourceDate "2020.01.31"]
[SourceVersion "1"]
[SourceVersionDate "2020.01.31"]
[SourceQuality "1"]
[WhiteTeam "Primorsky District"]
[BlackTeam "Apeldoorn MuConsult"]
[WhiteTeamCountry "RUS"]
[BlackTeamCountry "NED"]

1. c4 e5 2. g3 Nf6 3. Bg2 d5 4. cxd5 Nxd5 5. Nf3 Nc6 6. 0-0 Be7 7. d4 exd4 8. Nxd4 Nxd4 9. Qxd4 Nb4 10. Qxg7 Bf6 11. Qh6 Nc2 12. Nc3 Nxa1 13. Rd1 Bd4 14. e3 Qf6 15. exd4 Qxh6 16. Bxh6 Nc2 17. Nd5 Kd7 18. Be4 1-0

[Event "NED-chT 1617"]
[Site "Netherlands"]
[Date "2016.12.17"]
[Round "5.10"]
[White "Meurs, Tom WA"]
[Black "Maddens, Martijn"]
[Result "1-0"]
[WhiteElo "2239"]
[BlackElo "2225"]
[PlyCount "61"]
[EventDate "2016.09.17"]
[EventType "team-tourn"]
[EventRounds "9"]
[EventCountry "NED"]
[SourceTitle "EXT 2018"]
[Source "ChessBase"]
[SourceDate "2017.10.13"]
[SourceVersion "1"]
[SourceVersionDate "2017.10.13"]
[SourceQuality "1"]
[WhiteTeam "Apeldoorn"]
[BlackTeam "Sas van Gent"]
[WhiteTeamCountry "NED"]
[BlackTeamCountry "NED"]

1. e4 c5 2. Nf3 d6 3. Bb5+ Bd7 4. Bxd7+ Nxd7 5. 0-0 Ngf6 6. Qe2 g6 7. c3 Rc8 8. d4 Qc7 9. e5 Nh5 10. Na3 dxe5 11. dxe5 Ng7 12. Re1 h6 13. Nb5 Qb6 14. Be3 a6 15. Na3 Ne6 16. b4 Qc7 17. b5 a5 18. Nc4 Bg7 19. Rad1 g5 20. Qd3 Rd8 21. Qe4 0-0 22. h4 gxh4 23. Qxh4 Nxe5 24. Nfxe5 Rxd1 25. Rxd1 Bxe5 26. b6 Qb8 27. Bxh6 Re8 28. Rd3 f5 29. Nxe5 Qxe5 30. Rg3+ Kf7 31. Qh5+ 1-0

[Event "Agneaux St Lo op-B 14th"]
[Site "Agneaux"]
[Date "2012.07.09"]
[Round "3.1"]
[White "Meurs, Tom WA"]
[Black "Mollema, Thomas"]
[Result "1-0"]
[WhiteElo "2235"]
[BlackElo "1949"]
[PlyCount "55"]
[EventDate "2012.07.08"]
[EventType "swiss"]
[EventRounds "8"]
[EventCountry "FRA"]
[SourceTitle "EXT 2014"]
[Source "ChessBase"]
[SourceDate "2013.11.20"]
[SourceVersion "1"]
[SourceVersionDate "2013.11.20"]
[SourceQuality "1"]

1. e4 d6 2. d4 Nf6 3. Nc3 Nbd7 4. g4 h6 5. h3 e5 6. Nge2 exd4 7. Nxd4 Nc5 8. Bg2 Be7 9. Be3 c6 10. 0-0 0-0 11. Qd2 Be6 12. b3 a5 13. f4 Nh7 14. Rad1 a4 15. b4 Nd7 16. Nxe6 fxe6 17. Ne2 e5 18. c4 b6 19. Qc2 Qc7 20. Ng3 exf4 21. Bxf4 Ne5 22. Nf5 Rxf5 23. exf5 Bg5 24. Bg3 h5 25. c5 bxc5 26. bxc5 dxc5 27. Qxc5 Re8 28. h4 1-0

[Event "Maastricht Limburg op-A 6th"]
[Site "Maastricht"]
[Date "2012.05.25"]
[Round "1.7"]
[White "Mekhitarian, Krikor Sevag"]
[Black "Meurs, Tom WA"]
[Result "1-0"]
[WhiteElo "2531"]
[BlackElo "2246"]
[PlyCount "45"]
[EventDate "2012.05.25"]
[EventType "swiss"]
[EventRounds "7"]
[EventCountry "NED"]
[SourceTitle "CBM 148 Extra"]
[Source "ChessBase"]
[SourceDate "2012.06.22"]
[SourceVersion "1"]
[SourceVersionDate "2012.06.22"]
[SourceQuality "1"]

1. d4 d5 2. c4 c6 3. Nf3 Nf6 4. e3 e6 5. Bd3 Nbd7 6. 0-0 Bd6 7. Nbd2 c5 8. e4 cxd4 9. cxd5 e5 10. Nc4 Bb8 11. b4 0-0 12. Ne1 Ne8 13. Bd2 Nd6 14. Rc1 f5 15. Nxd6 Bxd6 16. exf5 e4 17. Bxe4 Qh4 18. f4 Qe7 19. Bf3 Nf6 20. Nc2 Qf7 21. Nxd4 Nxd5 22. Qb3 Ne7 23. Qxf7+ 1-0

[Event "Leiden Noteboom Memorial-A 72nd"]
[Site "Leiden"]
[Date "2012.02.19"]
[Round "5"]
[White "Meurs, Tom WA"]
[Black "Guliyev, Namig"]
[Result "0-1"]
[WhiteElo "2215"]
[BlackElo "2545"]
[PlyCount "74"]
[EventDate "2012.02.17"]
[EventType "swiss"]
[EventRounds "6"]
[EventCountry "NED"]
[SourceTitle "CBM 147 Extra"]
[Source "ChessBase"]
[SourceDate "2012.04.24"]
[SourceVersion "1"]
[SourceVersionDate "2012.04.24"]
[SourceQuality "1"]

1. e4 c5 2. Nf3 d6 3. d4 cxd4 4. Nxd4 Nf6 5. Nc3 a6 6. Bg5 e6 7. f4 h6 8. Bh4 Qb6 9. Qd2 Qxb2 10. Rb1 Qa3 11. f5 Be7 12. Bf2 e5 13. Rb3 Qa5 14. Nc6 Nxc6 15. Bb6 Nxe4 16. Qe3 Qxc3+ 17. Rxc3 Nxc3 18. Qxc3 Bxf5 19. Bc4 0-0 20. 0-0 Bg6 21. Bd5 Kh7 22. Qb3 f5 23. Bc7 Nd8 24. Qa3 Rf6 25. Qa4 b5 26. Qa5 Rc8 27. Bb6 Bf7 28. Bxd8 Bxd8 29. Qxa6 Bxd5 30. Qxc8 Bb6+ 31. Kh1 Rg6 32. Rg1 Be4 33. c4 Bxg1 34. Kxg1 Rxg2+ 35. Kf1 Rc2 36. Qd7 bxc4 37. Qxd6 c3 0-1

[Event "Groningen op-A 48th"]
[Site "Groningen"]
[Date "2011.12.24"]
[Round "4"]
[White "Maris, Ivo"]
[Black "Meurs, Tom WA"]
[Result "0-1"]
[WhiteElo "2022"]
[BlackElo "2247"]
[PlyCount "38"]
[EventDate "2011.12.21"]
[EventType "swiss"]
[EventRounds "9"]
[EventCountry "NED"]
[SourceTitle "CBM 146 Extra"]
[Source "ChessBase"]
[SourceDate "2012.02.29"]
[SourceVersion "1"]
[SourceVersionDate "2012.02.29"]
[SourceQuality "1"]

1. e4 e5 2. Nc3 Nf6 3. f4 d5 4. fxe5 Nxe4 5. Qf3 f5 6. d3 Nxc3 7. bxc3 d4 8. Ne2 Nc6 9. Qg3 dxc3 10. a3 Qd5 11. Bf4 Be6 12. Kd1 Qa5 13. Qe1 Bb4 14. Bc1 0-0-0 15. Nf4 Bb3 16. axb4 Bxc2+ 17. Kxc2 Nd4+ 18. Kxc3 Qxa1+ 19. Kd2 Qa2+ 0-1

[Event "Groningen op-A 48th"]
[Site "Groningen"]
[Date "2011.12.21"]
[Round "1"]
[White "Meurs, Tom WA"]
[Black "Ruck, Robert"]
[Result "0-1"]
[WhiteElo "2247"]
[BlackElo "2579"]
[PlyCount "46"]
[EventDate "2011.12.21"]
[EventType "swiss"]
[EventRounds "9"]
[EventCountry "NED"]
[SourceTitle "CBM 146 Extra"]
[Source "ChessBase"]
[SourceDate "2012.02.29"]
[SourceVersion "1"]
[SourceVersionDate "2012.02.29"]
[SourceQuality "1"]

1. e4 c5 2. Nf3 d6 3. d4 cxd4 4. Nxd4 Nf6 5. Nc3 a6 6. Bg5 e6 7. f4 Be7 8. Qe2 h6 9. Bh4 Nxe4 10. Bxe7 Nxc3 11. Qc4 Kxe7 12. Qxc3 Re8 13. 0-0-0 Kf8 14. Nf3 d5 15. g4 Nc6 16. Kb1 Qf6 17. Ne5 Qxf4 18. Nxc6 bxc6 19. Qc5+ Re7 20. Bd3 Rb8 21. a3 Qc7 22. b3 Qb6 23. Qd6 c5 0-1

[Event "Budapest FS11 IM"]
[Site "Budapest"]
[Date "2011.11.17"]
[Round "13"]
[White "Citak, Selim"]
[Black "Meurs, Tom WA"]
[Result "1-0"]
[WhiteElo "2363"]
[BlackElo "2247"]
[PlyCount "109"]
[EventDate "2011.11.05"]
[EventType "tourn"]
[EventRounds "13"]
[EventCountry "HUN"]
[EventCategory "2"]
[SourceTitle "EXT 2012"]
[Source "ChessBase"]
[SourceDate "2011.11.24"]
[SourceVersion "1"]
[SourceVersionDate "2011.11.24"]
[SourceQuality "1"]

1. d4 d5 2. c4 c6 3. Nf3 Nf6 4. Nc3 e6 5. e3 Nbd7 6. Qc2 Bd6 7. b3 0-0 8. Be2 a6 9. 0-0 b5 10. e4 e5 11. cxd5 cxd5 12. dxe5 Nxe5 13. Nxd5 Nxd5 14. exd5 Nxf3+ 15. Bxf3 Qh4 16. g3 Qf6 17. Be4 Qxa1 18. Bb2 Qxf1+ 19. Kxf1 Bh3+ 20. Bg2 Rac8 21. Qd3 Bxg2+ 22. Kxg2 Rfd8 23. a4 bxa4 24. bxa4 Bf8 25. Qxa6 Rc5 26. Bd4 Rcxd5 27. Bb6 Re8 28. a5 Rde5 29. Qb7 Bc5 30. Bxc5 Rxc5 31. a6 h5 32. a7 Ra5 33. Qb8 Rf8 34. f4 Ra6 35. f5 Ra5 36. h3 Ra4 37. Kf3 Ra5 38. Kf4 g6 39. f6 Rf5+ 40. Ke4 Ra5 41. h4 Ra6 42. Kd5 Ra5+ 43. Ke4 Ra6 44. Kf4 Ra5 45. g4 Ra4+ 46. Ke3 hxg4 47. h5 Ra6 48. Kd2 Rxf6 49. h6 Ra6 50. Qe5 f6 51. Qe7 Rxa7 52. Qxa7 Rf7 53. Qa2 Kf8 54. Qa8+ Ke7 55. h7 1-0

[Event "Budapest FS11 IM"]
[Site "Budapest"]
[Date "2011.11.14"]
[Round "10"]
[White "Meurs, Tom WA"]
[Black "Coleman, Teddy"]
[Result "1/2-1/2"]
[WhiteElo "2247"]
[BlackElo "2310"]
[PlyCount "80"]
[EventDate "2011.11.05"]
[EventType "tourn"]
[EventRounds "13"]
[EventCountry "HUN"]
[EventCategory "2"]
[SourceTitle "EXT 2012"]
[Source "ChessBase"]
[SourceDate "2011.11.24"]
[SourceVersion "1"]
[SourceVersionDate "2011.11.24"]
[SourceQuality "1"]

1. e4 c5 2. Nf3 e6 3. d4 cxd4 4. Nxd4 a6 5. Bd3 Bc5 6. Nb3 Ba7 7. Qg4 Nf6 8. Qg3 d6 9. Nc3 Nc6 10. Bg5 h6 11. Bd2 e5 12. Nd5 0-0 13. 0-0-0 Kh8 14. f4 Be6 15. Nxf6 Qxf6 16. f5 Bxb3 17. axb3 d5 18. exd5 Nd4 19. Rde1 Rfe8 20. Rhf1 Bc5 21. Qh3 a5 22. g4 a4 23. b4 a3 24. bxa3 e4 25. Rxe4 Rxe4 26. Bxe4 Nf3 27. Kd1 Nxd2 28. Kxd2 Bd4 29. Qg3 Bb2 30. Rf3 Qd4+ 31. Bd3 Re8 32. Rf1 Bc3+ 33. Kd1 Qxd5 34. f6 g5 35. Qh3 Kg8 36. Kc1 Qe5 37. Qf3 Bb2+ 38. Kd1 Bxa3 39. c3 Bb2 40. Qf5 Qxf5 1/2-1/2

[Event "Budapest FS11 IM"]
[Site "Budapest"]
[Date "2011.11.08"]
[Round "4"]
[White "Lyell, Mark"]
[Black "Meurs, Tom WA"]
[Result "1/2-1/2"]
[WhiteElo "2189"]
[BlackElo "2247"]
[PlyCount "90"]
[EventDate "2011.11.05"]
[EventType "tourn"]
[EventRounds "13"]
[EventCountry "HUN"]
[EventCategory "2"]
[SourceTitle "EXT 2012"]
[Source "ChessBase"]
[SourceDate "2011.11.24"]
[SourceVersion "1"]
[SourceVersionDate "2011.11.24"]
[SourceQuality "1"]

1. e4 e5 2. Nf3 Nc6 3. Bc4 Bc5 4. b4 Bxb4 5. c3 Be7 6. d4 Na5 7. Be2 exd4 8. Qxd4 d5 9. Qxg7 Bf6 10. Qg3 dxe4 11. Nd4 Ne7 12. Nb5 Nd5 13. c4 a6 14. cxd5 axb5 15. Bg5 Bxg5 16. Qe5+ Qe7 17. Qxh8+ Kd7 18. Nc3 Bf6 19. Bg4+ Kd6 20. Qxf6+ Qxf6 21. Nxe4+ Ke5 22. Nxf6 Kxf6 23. Bxc8 Rxc8 24. 0-0 c5 25. dxc6 bxc6 26. Rad1 Nc4 27. Rfe1 c5 28. Rd5 Na3 29. Kf1 c4 30. Ke2 b4 31. Kd1 Rb8 32. Kc1 b3 33. axb3 c3 34. Rd6+ Kg7 35. Ra6 Rxb3 36. Rxa3 Rxa3 37. Re2 h5 38. Kc2 h4 39. h3 f5 40. Kd3 Kf6 41. Rc2 Ra1 42. f4 Ra4 43. Rf2 c2 44. Rxc2 Rxf4 45. Ke3 Ra4 1/2-1/2